|
|
|
|
| LEADER |
00945nam a2200229 a 4500 |
| 001 |
3495381 |
| 008 |
091116s1993 enka b 000 0 eng d |
| 010 |
|
|
|a \\\94169626
|
| 020 |
|
|
|a 1856285448
|
| 040 |
|
|
|a WMUW
|c WMUW
|d Uk
|d DLC
|
| 082 |
0 |
0 |
|a 338.6/42/095492
|2 20
|
| 100 |
1 |
|
|a Mannan, M. A.
|q (Mohammad Abdul),
|d 1950-
|
| 245 |
1 |
0 |
|a Growth and development of small enterprise :
|b the case of Bangladesh /
|c M.A. Mannan.
|
| 260 |
|
|
|a Aldershot ;
|a Brookfield, Vt., USA :
|b Avebury,
|c 1993.
|
| 300 |
|
|
|a 120 p. :
|b ill. ;
|c 23 cm.
|
| 504 |
|
|
|a Includes bibliographical references (p. 115-120).
|
| 541 |
1 |
|
|e 00005336
|
| 650 |
|
0 |
|a Small business
|z Bangladesh.
|
| 650 |
|
0 |
|a Small business
|x Government policy
|z Bangladesh.
|
| 852 |
4 |
|
|a Ayesha Abed Library
|j General shelf
|
| 999 |
|
|
|c 5550
|d 5550
|
| 952 |
|
|
|0 0
|1 0
|2 ddc
|4 0
|6 338_642095492000000_MAN_1983
|7 0
|9 5443
|a BRACUL
|b BRACUL
|c GEN
|d 2009-11-16
|g 3864.00
|l 0
|o 338.642095492 MAN
|p 3010005336
|r 2009-11-16
|t 1
|w 2009-11-16
|y BK
|